| 000 | 00525nam a22001937a 4500 | ||
|---|---|---|---|
| 999 |
_c17965 _d17965 |
||
| 008 | 191008b xxu||||| |||| 00| 0 eng d | ||
| 020 | _a0412428504 | ||
| 050 |
_aHG8781 _b.D28 1994 c.1 |
||
| 100 | _aDaykin, C.D. | ||
| 245 |
_aPractical Risk Theory for Actuaries _cC.D. Daykin |
||
| 260 |
_aNew York _bChapman _c1994 |
||
| 300 | _axxi, 546p. | ||
| 650 |
_aInsurance _vMathematics |
||
| 650 |
_aRisk _vInsurance |
||
| 650 | _aStochastic Processes | ||
| 700 | _aT. Pentikainen | ||
| 700 | _aM. Pesonen | ||
| 942 |
_2lcc _cBK |
||